000 00315nab a22001097u 4500
008 130520b1983 xxu||||| |||| 00| 0 spa d
041 _aspa
100 1 _aZahn, G. C.
_967308
245 0 0 _aGuerra total y pacifismo "absoluto"
_cG. C. Zahn
773 0 _tConcilium
_gV.2,1983,págs.50-58
_x0210-1041
_wRev134
942 _cAR
999 _c355000
_d355000